[Event "CFriend RL-2004-0-00023 email"]
[Site "Chessfriend.com"]
[Date "2004.06.14"]
[Round "?"]
[White "Elias, Holger"]
[Black "Colard, Eric"]
[Result "1-0"]
[WhiteElo "1387"]
[BlackElo "773"]
[PlyCount "61"]
[EventDate "2004.??.??"]
[EventType "tourn (corr)"]
[EventRounds "6"]
[SourceTitle "Corr 2008"]
[Source "ChessBase"]
[SourceDate "2008.06.24"]
[SourceVersion "1"]
[SourceVersionDate "2008.06.24"]
[SourceQuality "1"]

1. g3 Nf6 2. Nf3 g6 3. b3 Bg7 4. Bb2 d6 5. d4 c6 6. Bg2 0-0 7. c4 Bf5 8. Nc3 Qd7 9. 0-0 Na6 10. Qd2 Nc7 11. Rae1 Ne4 12. Nxe4 Bxe4 13. Qe3 Bf5 14. Qg5 c5 15. Qc1 Bh3 16. Bxh3 Qxh3 17. dxc5 dxc5 18. Bxg7 Kxg7 19. Qg5 Qf5 20. Qxe7 Rac8 21. Nh4 Qh5 22. Qe4 Rb8 23. f4 Rfe8 24. Qg2 f6 25. e4 Qg4 26. f5 g5 27. Nf3 Rxe4 28. h3 Qxf5 29. Nh4 Qd7 30. Qxe4 gxh4 31. Qe7+ 1-0

[Event "IECG RN.2002.0.00017"]
[Site "IECG email"]
[Date "2002.12.05"]
[Round "1"]
[White "Colard, Eric"]
[Black "Calabria, Nicola"]
[Result "1-0"]
[WhiteElo "759"]
[BlackElo "800"]
[PlyCount "27"]
[EventDate "2002.12.05"]
[EventType "tourn (corr)"]
[EventRounds "6"]
[SourceTitle "Corr 2024"]
[Source "ChessBase"]
[SourceDate "2023.10.19"]
[SourceVersion "1"]
[SourceVersionDate "2023.10.19"]
[SourceQuality "1"]

1. d4 d5 2. c4 dxc4 3. Nc3 Be6 4. e4 Nc6 5. d5 Bxd5 6. exd5 Ne5 7. Nf3 Nxf3+ 8. Qxf3 Nf6 9. Bxc4 c6 10. dxc6 Rc8 11. Bb5 bxc6 12. Bxc6+ Nd7 13. 0-0 e6 14. Rd1 1-0

[Event "IECG RN.2002.0.00017"]
[Site "IECG email"]
[Date "2002.12.05"]
[Round "1"]
[White "Hightower, Dean"]
[Black "Colard, Eric"]
[Result "1-0"]
[WhiteElo "800"]
[BlackElo "759"]
[PlyCount "41"]
[EventDate "2002.12.05"]
[EventType "tourn (corr)"]
[EventRounds "6"]
[SourceTitle "Corr 2024"]
[Source "ChessBase"]
[SourceDate "2023.10.19"]
[SourceVersion "1"]
[SourceVersionDate "2023.10.19"]
[SourceQuality "1"]

1. e4 e5 2. Nf3 Nf6 3. Nc3 Bb4 4. d3 d5 5. Bd2 d4 6. Ne2 Bxd2+ 7. Qxd2 Qe7 8. c3 c5 9. cxd4 cxd4 10. Rc1 Nc6 11. Ng3 Qb4 12. Qxb4 Nxb4 13. Nxe5 Nxa2 14. Rc7 0-0 15. Nf5 Bxf5 16. exf5 b6 17. Be2 a6 18. Kd2 b5 19. Bf3 Rab8 20. Nc6 Rbc8 21. Ne7+ 1-0

[Event "IECC CL5-2002.23"]
[Site "IECC email"]
[Date "2002.11.15"]
[Round "?"]
[White "Colard, Eric"]
[Black "Magalhaes, Joao Flavio"]
[Result "0-1"]
[WhiteElo "1321"]
[BlackElo "1455"]
[PlyCount "60"]
[EventDate "2002.??.??"]
[EventType "tourn (corr)"]
[EventRounds "4"]
[SourceTitle "Corr 2008"]
[Source "ChessBase"]
[SourceDate "2008.06.24"]
[SourceVersion "1"]
[SourceVersionDate "2008.06.24"]
[SourceQuality "1"]

1. d4 d5 2. c4 Nc6 3. Nf3 Bg4 4. Nc3 dxc4 5. e3 e5 6. d5 Bxf3 7. Qxf3 Nb4 8. Qe4 Qe7 9. Bxc4 Nf6 10. Qb1 Qc5 11. Bb5+ c6 12. dxc6 bxc6 13. Ba4 Qc4 14. Bc2 Rd8 15. a3 Nxc2+ 16. Qxc2 Bd6 17. Qe2 Qxe2+ 18. Kxe2 0-0 19. Bd2 Rd7 20. Rhd1 e4 21. Rac1 Bxh2 22. g3 Re8 23. Nb1 Rd6 24. Rh1 Ng4 25. f3 exf3+ 26. Kxf3 Rg6 27. Rc4 Ne5+ 28. Kg2 Nxc4 29. Rxh2 Nxe3+ 30. Kf3 Rf6+ 0-1

[Event "IECC Swiss email"]
[Site "IECC email"]
[Date "2002.09.21"]
[Round "?"]
[White "Butterworth, Joseph"]
[Black "Colard, Eric"]
[Result "1-0"]
[WhiteElo "1679"]
[BlackElo "1324"]
[PlyCount "61"]
[EventDate "2002.??.??"]
[EventType "tourn (corr)"]
[EventRounds "6"]
[SourceTitle "Corr 2008"]
[Source "ChessBase"]
[SourceDate "2008.06.24"]
[SourceVersion "1"]
[SourceVersionDate "2008.06.24"]
[SourceQuality "1"]

1. c4 Nf6 2. Nc3 g6 3. g3 Bg7 4. Bg2 0-0 5. Nf3 c6 6. d4 d5 7. cxd5 Nxd5 8. 0-0 Nxc3 9. bxc3 c5 10. Rb1 Nc6 11. d5 Na5 12. e4 Bxc3 13. Qc2 Bg7 14. Qxc5 b6 15. Qc2 Ba6 16. Rd1 Rc8 17. Qd2 Nc4 18. Qb4 Nd6 19. e5 Nb7 20. Bf4 Rc4 21. Qa3 Nc5 22. Rb4 Rxb4 23. Qxb4 Nd3 24. Qe4 Nxf4 25. Qxf4 Bb7 26. d6 exd6 27. exd6 Re8 28. Ng5 Bxg2 29. Qxf7+ Kh8 30. d7 Rf8 31. Qxf8+ 1-0

[Event "IECG CN.2002.0.00292 email"]
[Site "IECG email"]
[Date "2002.04.24"]
[Round "?"]
[White "Colard, Eric"]
[Black "Caffaratti, Paolo"]
[Result "0-1"]
[WhiteElo "737"]
[BlackElo "959"]
[PlyCount "46"]
[EventDate "2002.04.24"]
[EventType "tourn (corr)"]
[EventRounds "6"]
[SourceTitle "Corr 2008"]
[Source "ChessBase"]
[SourceDate "2008.06.24"]
[SourceVersion "1"]
[SourceVersionDate "2008.06.24"]
[SourceQuality "1"]

1. d4 Nf6 2. Nf3 c5 3. g3 d5 4. Bg2 Nc6 5. 0-0 Bg4 6. Bg5 e6 7. Ne5 Nxe5 8. dxe5 h6 9. Bxf6 gxf6 10. exf6 Qxf6 11. Nc3 0-0-0 12. a3 h5 13. h4 Bh6 14. Kh2 Rhg8 15. f3 Bf4 16. fxg4 Qxh4+ 17. Kg1 Bxg3 18. Rf3 Qh2+ 19. Kf1 Rxg4 20. Qd2 Bf4 21. e3 Rdg8 22. Rf2 Rxg2 23. Rxg2 Qh1+ 0-1

[Event "IECG CN.2002.0.00292 email"]
[Site "IECG email"]
[Date "2002.04.24"]
[Round "?"]
[White "Colard, Eric"]
[Black "Gilliam, Domenic"]
[Result "1-0"]
[WhiteElo "737"]
[BlackElo "800"]
[PlyCount "83"]
[EventDate "2002.04.24"]
[EventType "tourn (corr)"]
[EventRounds "6"]
[SourceTitle "Corr 2008"]
[Source "ChessBase"]
[SourceDate "2008.06.24"]
[SourceVersion "1"]
[SourceVersionDate "2008.06.24"]
[SourceQuality "1"]

1. d4 d6 2. Nf3 Nc6 3. e4 e5 4. Bb5 Bd7 5. 0-0 Nf6 6. Nc3 Be7 7. Re1 0-0 8. Bxc6 Bxc6 9. dxe5 dxe5 10. Nxe5 Bb4 11. Qxd8 Raxd8 12. Nxc6 bxc6 13. Bg5 Rd7 14. Bxf6 gxf6 15. Re3 Bc5 16. Rd3 Bd6 17. Rad1 Re8 18. f3 Red8 19. Kf1 Kf8 20. g3 c5 21. f4 Ke8 22. Nd5 Be7 23. Nxe7 Rxd3 24. Rxd3 Kxe7 25. Rc3 Rd1+ 26. Ke2 Rd4 27. Ke3 Kd6 28. Rd3 Rxd3+ 29. Kxd3 a6 30. c4 a5 31. a3 c6 32. g4 h6 33. b3 Ke6 34. h4 Kd6 35. Ke3 Ke6 36. Kf3 Ke7 37. e5 fxe5 38. fxe5 Ke6 39. Kf4 f6 40. exf6 Kxf6 41. h5 Kg7 42. Ke5 1-0

[Event "IECC CL5-2002.07"]
[Site "IECC email"]
[Date "2002.04.22"]
[Round "?"]
[White "Colard, Eric"]
[Black "Jewell, Barry"]
[Result "1/2-1/2"]
[WhiteElo "1323"]
[BlackElo "1470"]
[PlyCount "77"]
[EventDate "2002.??.??"]
[EventType "tourn (corr)"]
[EventRounds "4"]
[SourceTitle "Corr 2008"]
[Source "ChessBase"]
[SourceDate "2008.06.24"]
[SourceVersion "1"]
[SourceVersionDate "2008.06.24"]
[SourceQuality "1"]

1. d4 Nf6 2. Nf3 d6 3. g3 g6 4. Bg2 Bg7 5. 0-0 0-0 6. Re1 Nbd7 7. e4 c5 8. c3 cxd4 9. cxd4 Nb6 10. b3 Bg4 11. Nbd2 Qd7 12. Bb2 d5 13. e5 Nh5 14. Qe2 Bh6 15. Nf1 Bh3 16. Bh1 Rac8 17. Ba3 Rc6 18. Ne3 Rfc8 19. Rac1 Ng7 20. Rxc6 Rxc6 21. Nh4 Bxe3 22. Qxe3 Nf5 23. Nxf5 Bxf5 24. Rc1 e6 25. Rc5 Qc8 26. Bf3 Nd7 27. Rxc6 Qxc6 28. Qg5 Qc3 29. Qd8+ Kg7 30. Kg2 Qc6 31. Bd6 Be4 32. Bxe4 dxe4 33. Qc7 Qxc7 34. Bxc7 f5 35. f4 Kf7 36. Kf2 Ke7 37. a4 h6 38. Ke3 Nb6 39. Bxb6 1/2-1/2

[Event "IECC P email"]
[Site "IECC email"]
[Date "2002.04.19"]
[Round "?"]
[White "Colard, Eric"]
[Black "Crandall, David"]
[Result "1-0"]
[WhiteElo "1300"]
[BlackElo "1473"]
[PlyCount "65"]
[EventDate "2002.??.??"]
[EventType "tourn (corr)"]
[EventRounds "6"]
[SourceTitle "Corr 2008"]
[Source "ChessBase"]
[SourceDate "2008.06.24"]
[SourceVersion "1"]
[SourceVersionDate "2008.06.24"]
[SourceQuality "1"]

1. d4 f5 2. Bg5 Nf6 3. Bxf6 exf6 4. e3 d5 5. c4 c6 6. Nc3 Be6 7. cxd5 Bxd5 8. Nxd5 Qxd5 9. a3 a5 10. Nf3 Bd6 11. Rc1 a4 12. Rc3 Bc7 13. Bc4 Qe4 14. 0-0 Ke7 15. b4 axb3 16. Rxb3 b5 17. Bd3 Qd5 18. Qc2 g6 19. Bxb5 Ra5 20. Bc4 Qd6 21. Rfb1 g5 22. g3 h5 23. h4 f4 24. exf4 gxf4 25. Qe4+ Kd8 26. gxf4 Re8 27. Qh7 Nd7 28. Bf7 Rf8 29. Bxh5 Qxf4 30. Re3 Bd6 31. Rbe1 Kc7 32. a4 Rxa4 33. Re4 1-0

[Event "IECG CN.2001.0.00259"]
[Site "IECG email"]
[Date "2001.08.31"]
[Round "?"]
[White "Colard, Eric"]
[Black "Laceur, Jan"]
[Result "1/2-1/2"]
[WhiteElo "738"]
[BlackElo "702"]
[PlyCount "86"]
[EventDate "2001.08.31"]
[EventType "tourn (corr)"]
[EventRounds "6"]
[SourceTitle "Corr 2008"]
[Source "ChessBase"]
[SourceDate "2008.06.24"]
[SourceVersion "1"]
[SourceVersionDate "2008.06.24"]
[SourceQuality "1"]

1. d4 d5 2. c4 e6 3. Nf3 Nc6 4. Nc3 Nf6 5. Bg5 Bb4 6. e3 Bxc3+ 7. bxc3 0-0 8. Ne5 h6 9. Bh4 g5 10. Bg3 Ne4 11. Rc1 a6 12. Bd3 Nxe5 13. Bxe5 Nxf2 14. Qh5 Nxd3+ 15. Kd2 Nxe5 16. dxe5 dxc4+ 17. Ke2 Qd3+ 18. Kf2 Kh7 19. Rhd1 Qf5+ 20. Kg1 Qxe5 21. Qf3 f5 22. Rd4 b5 23. e4 f4 24. g3 c5 25. Rd2 b4 26. Rcd1 bxc3 27. Rc2 Ra7 28. Rxc3 Rd7 29. Rb1 Bb7 30. Rxc4 Rd4 31. Rxb7+ Kg8 32. Rc1 fxg3 33. Qxg3 Qxg3+ 34. hxg3 Rxe4 35. Rxc5 Rf7 36. Rb6 g4 37. Rxa6 Re1+ 38. Kg2 Re2+ 39. Kg1 Rff2 40. Rc3 Rg2+ 41. Kh1 Rh2+ 42. Kg1 Rhg2+ 43. Kf1 Rgf2+ 1/2-1/2

[Event "IECG CN.2001.0.00259"]
[Site "IECG email"]
[Date "2001.08.31"]
[Round "?"]
[White "Colard, Eric"]
[Black "Scott, David"]
[Result "1-0"]
[WhiteElo "738"]
[BlackElo "949"]
[PlyCount "53"]
[EventDate "2001.08.31"]
[EventType "tourn (corr)"]
[EventRounds "6"]
[SourceTitle "Corr 2008"]
[Source "ChessBase"]
[SourceDate "2008.06.24"]
[SourceVersion "1"]
[SourceVersionDate "2008.06.24"]
[SourceQuality "1"]

1. d4 Nf6 2. Nf3 e6 3. Bg5 h6 4. Bh4 c5 5. e3 cxd4 6. Nxd4 g5 7. Bg3 Bg7 8. Be2 0-0 9. 0-0 Nc6 10. c3 d5 11. Nd2 e5 12. Nxc6 bxc6 13. Bxe5 Qe8 14. Bd4 Rb8 15. Qc2 Bg4 16. f3 Be6 17. Bc5 Nd7 18. Bxf8 Nxf8 19. Rab1 f5 20. b3 Qd8 21. Rfd1 Ng6 22. c4 dxc4 23. Nxc4 Qc7 24. Rd6 Rd8 25. Rxe6 f4 26. Qxg6 fxe3 27. Rxe3 1-0

[Event "IECG CN.2001.0.00259"]
[Site "IECG email"]
[Date "2001.08.31"]
[Round "?"]
[White "Soule, Larry P"]
[Black "Colard, Eric"]
[Result "1-0"]
[WhiteElo "785"]
[BlackElo "738"]
[PlyCount "35"]
[EventDate "2001.08.31"]
[EventType "tourn (corr)"]
[EventRounds "6"]
[SourceTitle "Corr 2008"]
[Source "ChessBase"]
[SourceDate "2008.06.24"]
[SourceVersion "1"]
[SourceVersionDate "2008.06.24"]
[SourceQuality "1"]

1. d4 Nf6 2. Nf3 g6 3. Nc3 Bg7 4. Bf4 0-0 5. e3 Re8 6. h4 c6 7. Be2 d6 8. Qd2 b5 9. a4 b4 10. Na2 a5 11. c3 Ne4 12. Qd1 h6 13. Rc1 Nd7 14. cxb4 axb4 15. Bd3 c5 16. Bxe4 Rb8 17. dxc5 dxc5 18. Bxb8 1-0

[Event "IECG RN.2001.0.00007"]
[Site "IECG email"]
[Date "2001.07.30"]
[Round "?"]
[White "Colard, Eric"]
[Black "Vio, Mauro"]
[Result "0-1"]
[WhiteElo "738"]
[BlackElo "818"]
[PlyCount "81"]
[EventDate "2001.07.30"]
[EventType "tourn (corr)"]
[EventRounds "6"]
[SourceTitle "Corr 2008"]
[Source "ChessBase"]
[SourceDate "2008.06.24"]
[SourceVersion "1"]
[SourceVersionDate "2008.06.24"]
[SourceQuality "1"]

1. d4 d5 2. c4 e6 3. Nf3 Nf6 4. Nc3 dxc4 5. Bg5 Bb4 6. e4 h6 7. Bxf6 Qxf6 8. Bxc4 0-0 9. 0-0 Nc6 10. Bb5 Ne7 11. Rc1 Rd8 12. Ne2 c6 13. Ba4 Ng6 14. Qd3 e5 15. Qc4 Bd6 16. dxe5 Nxe5 17. Nxe5 Qxe5 18. f4 Qxb2 19. Bb3 Be6 20. Qc2 Qxc2 21. Rxc2 Bc7 22. Bxe6 Bb6+ 23. Kh1 fxe6 24. g3 Rd7 25. Kg2 Rad8 26. Kf3 h5 27. h3 Rd3+ 28. Kg2 Kf7 29. Nc1 Rd2+ 30. Rxd2 Rxd2+ 31. Kf3 c5 32. Rf2 Rxf2+ 33. Kxf2 c4+ 34. Ke2 e5 35. Kf3 Bd4 36. Ne2 b5 37. Nc1 b4 38. Ke2 Bb2 39. Kd2 Bxc1+ 40. Kxc1 h4 41. g4 0-1

[Event "IECG RN.2001.0.00007"]
[Site "IECG email"]
[Date "2001.07.30"]
[Round "?"]
[White "Wolf, Alexander"]
[Black "Colard, Eric"]
[Result "1-0"]
[WhiteElo "800"]
[BlackElo "738"]
[PlyCount "59"]
[EventDate "2001.07.30"]
[EventType "tourn (corr)"]
[EventRounds "6"]
[SourceTitle "Corr 2008"]
[Source "ChessBase"]
[SourceDate "2008.06.24"]
[SourceVersion "1"]
[SourceVersionDate "2008.06.24"]
[SourceQuality "1"]

1. d4 Nf6 2. c4 g6 3. Nc3 d5 4. cxd5 Nxd5 5. e4 Nxc3 6. bxc3 Bg7 7. Nf3 c5 8. Rb1 0-0 9. Be2 cxd4 10. cxd4 Qa5+ 11. Bd2 Qxa2 12. 0-0 Bg4 13. Bg5 h6 14. Be3 b6 15. Qd3 Nc6 16. Ra1 Qe6 17. d5 Nb4 18. dxe6 Nxd3 19. exf7+ Kxf7 20. Bxd3 Bxa1 21. Rxa1 g5 22. Ne5+ Kg7 23. Nxg4 Rad8 24. Be2 Rd7 25. h4 h5 26. Ne5 Rc7 27. Bxg5 Rh8 28. Ra3 Rc5 29. f4 e6 30. Rxa7+ 1-0

[Event "IECC CL6-2001.22"]
[Site "IECC email"]
[Date "2001.06.30"]
[Round "?"]
[White "Colard, Eric"]
[Black "Daniel, Anthony"]
[Result "0-1"]
[WhiteElo "1169"]
[BlackElo "1303"]
[PlyCount "88"]
[EventDate "2001.??.??"]
[EventType "tourn (corr)"]
[EventRounds "4"]
[SourceTitle "Corr 2008"]
[Source "ChessBase"]
[SourceDate "2008.06.24"]
[SourceVersion "1"]
[SourceVersionDate "2008.06.24"]
[SourceQuality "1"]

1. d4 e6 2. Nf3 b6 3. e4 Bb7 4. Bd3 c5 5. Be3 Na6 6. 0-0 cxd4 7. Bxd4 Nc5 8. Nc3 Nxd3 9. cxd3 d6 10. Qa4+ Qd7 11. Qxd7+ Kxd7 12. Rac1 Ne7 13. Nb5 Nc6 14. Be3 a6 15. Nc3 b5 16. Rfd1 Ne7 17. Bb6 Rc8 18. a4 Bc6 19. Nd4 b4 20. Na2 Bxa4 21. Rxc8 Nxc8 22. Rc1 Nxb6 23. Nxb4 Be7 24. Nxa6 Rc8 25. Ra1 Bf6 26. Ne2 Bb5 27. Nb4 Na4 28. Rb1 Nxb2 29. Nf4 Be5 30. f3 Bd4+ 31. Kf1 e5 32. Ne2 Bxd3 33. Nxd3 Nxd3 34. Nxd4 exd4 35. Rd1 Rc1 36. Rxc1 Nxc1 37. Ke1 Nd3+ 38. Kd2 Nc5 39. g3 Ke6 40. h3 d5 41. exd5+ Kxd5 42. g4 Ke5 43. Ke2 Kf4 44. Kf2 d3 0-1

[Event "IECG RN.2001.0.00005"]
[Site "IECG email"]
[Date "2001.05.06"]
[Round "?"]
[White "Colard, Eric"]
[Black "Manarin, Franco"]
[Result "1/2-1/2"]
[WhiteElo "769"]
[BlackElo "831"]
[PlyCount "46"]
[EventDate "2001.05.06"]
[EventType "tourn (corr)"]
[EventRounds "6"]
[SourceTitle "Corr 2008"]
[Source "ChessBase"]
[SourceDate "2008.06.24"]
[SourceVersion "1"]
[SourceVersionDate "2008.06.24"]
[SourceQuality "1"]

1. d4 Nf6 2. Nf3 e6 3. c4 d5 4. Nc3 Be7 5. Bf4 Nh5 6. Bd2 Nf6 7. Qc2 0-0 8. e3 Nc6 9. Rc1 a6 10. Bd3 Nb4 11. Qb1 Nxd3+ 12. Qxd3 dxc4 13. Qxc4 b5 14. Qb3 Bb7 15. Qd1 b4 16. Na4 Ne4 17. 0-0 Nxd2 18. Nxd2 Qd5 19. f3 Bc6 20. Ne4 f5 21. Nec5 e5 22. dxe5 Qxe5 23. Re1 Bd6 1/2-1/2

[Event "IECG RN.2001.0.00005"]
[Site "IECG email"]
[Date "2001.05.06"]
[Round "?"]
[White "Colard, Eric"]
[Black "Soule, Larry P"]
[Result "0-1"]
[WhiteElo "769"]
[BlackElo "687"]
[PlyCount "82"]
[EventDate "2001.05.06"]
[EventType "tourn (corr)"]
[EventRounds "6"]
[SourceTitle "Corr 2008"]
[Source "ChessBase"]
[SourceDate "2008.06.24"]
[SourceVersion "1"]
[SourceVersionDate "2008.06.24"]
[SourceQuality "1"]

1. d4 Nf6 2. Nf3 g6 3. g3 Bg7 4. Bg2 0-0 5. 0-0 d6 6. Re1 Nc6 7. d5 Nb4 8. Nc3 e6 9. e4 exd5 10. exd5 Re8 11. Bg5 Rxe1+ 12. Nxe1 Qe8 13. a3 Nbxd5 14. Nxd5 Nxd5 15. Qxd5 Bxb2 16. Rb1 Bxa3 17. Bh6 Bc5 18. Qc4 Qe5 19. Nd3 Qd4 20. Qxd4 Bxd4 21. Re1 Be6 22. Bxb7 Rb8 23. Bc6 Rb6 24. Ba4 Bc3 25. Re4 Rb1+ 26. Nc1 Bb2 27. Re1 Bc3 28. Re4 d5 29. Re2 Bb2 30. Re1 Bc3 31. Rd1 a5 32. Kg2 c5 33. Bc6 d4 34. Be4 a4 35. Rd3 a3 36. Bd2 Bxd2 37. Rxa3 Rxc1 38. Kf3 f5 39. Bd3 Bd5+ 40. Ke2 Bb4 41. Ra4 Re1# 0-1

[Event "IECG RN.2001.0.00004"]
[Site "IECG email"]
[Date "2001.04.01"]
[Round "?"]
[White "Bharat, Joisar"]
[Black "Colard, Eric"]
[Result "1-0"]
[WhiteElo "800"]
[BlackElo "769"]
[PlyCount "63"]
[EventDate "2001.04.01"]
[EventType "tourn (corr)"]
[EventRounds "6"]
[SourceTitle "Corr 2008"]
[Source "ChessBase"]
[SourceDate "2008.06.24"]
[SourceVersion "1"]
[SourceVersionDate "2008.06.24"]
[SourceQuality "1"]

1. e4 c5 2. Nf3 d6 3. d4 cxd4 4. Nxd4 Nf6 5. Nc3 g6 6. Be3 Bg7 7. f3 0-0 8. Qd2 Nc6 9. Bc4 Bd7 10. h4 Rc8 11. Bb3 Ne5 12. 0-0-0 Nc4 13. Bxc4 Rxc4 14. h5 Nxh5 15. g4 Nf6 16. Qh2 Re8 17. Nd5 e5 18. Nxf6+ Qxf6 19. g5 Qd8 20. Ne2 Bb5 21. b3 Rc6 22. c4 Ba6 23. Kb2 b5 24. cxb5 Bxb5 25. Nc3 Ba6 26. Nd5 Bb7 27. Qxh7+ Kf8 28. Nf6 Re6 29. Qg8+ Ke7 30. Nd5+ Kd7 31. Qxg7 Rc8 32. Qxf7+ 1-0

[Event "IECG RN.2001.0.00004"]
[Site "IECG email"]
[Date "2001.04.01"]
[Round "?"]
[White "Colard, Eric"]
[Black "Soule, Larry P"]
[Result "1/2-1/2"]
[WhiteElo "769"]
[BlackElo "687"]
[PlyCount "68"]
[EventDate "2001.04.01"]
[EventType "tourn (corr)"]
[EventRounds "6"]
[SourceTitle "Corr 2008"]
[Source "ChessBase"]
[SourceDate "2008.06.24"]
[SourceVersion "1"]
[SourceVersionDate "2008.06.24"]
[SourceQuality "1"]

1. d4 d5 2. c4 e6 3. Nc3 Be7 4. Nf3 Nf6 5. Bg5 h6 6. Bh4 Nfd7 7. Bxe7 Qxe7 8. cxd5 0-0 9. e4 e5 10. Bc4 exd4 11. Nxd4 Ne5 12. Bb3 c6 13. 0-0 Nbd7 14. Re1 Nc5 15. Bc2 g6 16. b3 a5 17. f4 f6 18. fxe5 fxe5 19. Nf3 Bg4 20. Rf1 Rad8 21. h3 Bxf3 22. Rxf3 cxd5 23. Nxd5 Qd6 24. Qd2 Rxf3 25. gxf3 Ne6 26. Qxh6 Nf4 27. Rd1 Qc5+ 28. Kf1 Qxc2 29. Nf6+ Kf7 30. Qh7+ Kxf6 31. Qh4+ Kg7 32. Qe7+ Kh6 33. Qh4+ Kg7 34. Qe7+ Kh6 1/2-1/2

[Event "IECG RN.2001.0.00002"]
[Site "IECG email"]
[Date "2001.02.04"]
[Round "?"]
[White "Colard, Eric"]
[Black "Pishun, Dennis"]
[Result "0-1"]
[WhiteElo "881"]
[BlackElo "800"]
[PlyCount "44"]
[EventDate "2001.02.04"]
[EventType "tourn (corr)"]
[EventRounds "6"]
[SourceTitle "Corr 2008"]
[Source "ChessBase"]
[SourceDate "2008.06.24"]
[SourceVersion "1"]
[SourceVersionDate "2008.06.24"]
[SourceQuality "1"]

1. d4 g6 2. c4 Bg7 3. Nf3 Nf6 4. Nc3 b6 5. e4 d6 6. Be2 0-0 7. 0-0 Bb7 8. Qc2 Nbd7 9. Be3 c5 10. Rad1 a5 11. d5 Ng4 12. Bc1 Bxc3 13. Qxc3 Nde5 14. b3 Nxf3+ 15. Bxf3 Nf6 16. Bh6 Re8 17. Bg4 e5 18. dxe6 Bxe4 19. Rfe1 d5 20. cxd5 Bxd5 21. e7 Rxe7 22. Qxf6 Rxe1+ 0-1

[Event "IECG RN.2001.0.00002"]
[Site "IECG email"]
[Date "2001.02.04"]
[Round "?"]
[White "Colard, Eric"]
[Black "Sturdivant, Al"]
[Result "0-1"]
[WhiteElo "881"]
[BlackElo "800"]
[PlyCount "56"]
[EventDate "2001.02.04"]
[EventType "tourn (corr)"]
[EventRounds "6"]
[SourceTitle "Corr 2008"]
[Source "ChessBase"]
[SourceDate "2008.06.24"]
[SourceVersion "1"]
[SourceVersionDate "2008.06.24"]
[SourceQuality "1"]

1. d4 Nf6 2. c4 e6 3. Nf3 d5 4. Nc3 Bb4 5. Bg5 0-0 6. e3 Nbd7 7. cxd5 exd5 8. Qc2 Bxc3+ 9. Qxc3 h6 10. Bf4 c5 11. dxc5 Ne4 12. Qd4 Ndxc5 13. Be2 Ne6 14. Qb4 Nxf4 15. exf4 Qf6 16. g3 Re8 17. 0-0 Nxg3 18. fxg3 Rxe2 19. b3 Qa6 20. a4 Qd3 21. Rac1 Qe3+ 22. Kh1 Bh3 23. Nh4 Re8 24. Qc3 Qxc3 25. Rxc3 Bxf1 26. Kg1 Bh3 27. Nf3 Rg2+ 28. Kh1 Rf2 0-1

[Event "IECG RN.2000.0.00001"]
[Site "IECG email"]
[Date "2000.12.19"]
[Round "?"]
[White "Colard, Eric"]
[Black "Szokol, Imre"]
[Result "0-1"]
[WhiteElo "800"]
[BlackElo "918"]
[PlyCount "82"]
[EventDate "2000.12.19"]
[EventType "tourn (corr)"]
[EventRounds "6"]
[SourceTitle "Corr 2008"]
[Source "ChessBase"]
[SourceDate "2008.06.24"]
[SourceVersion "1"]
[SourceVersionDate "2008.06.24"]
[SourceQuality "1"]

1. d4 Nf6 2. c4 g6 3. Nc3 Bg7 4. e4 d6 5. Nf3 0-0 6. Be2 e5 7. d5 Nbd7 8. Bg5 h6 9. Bh4 g5 10. Bg3 Nh5 11. Qd2 Nf4 12. h3 Nxg2+ 13. Kd1 Nf4 14. Bf1 Nf6 15. h4 Bg4 16. Qe3 Nd7 17. Kc2 f5 18. Nh2 gxh4 19. Bxf4 exf4 20. Qxf4 h5 21. Nxg4 fxg4 22. Qe3 Rf3 23. Qe1 Qf6 24. Nd1 Rf8 25. Be2 Rf4 26. Rc1 Rxe4 27. Kb1 Rd4 28. Rc2 h3 29. Rc3 Qf5+ 30. Kc1 Bh6+ 31. Ne3 Qxf2 32. Qxf2 Rxf2 33. Re1 h2 34. Kc2 Rxe2+ 35. Rxe2 h1Q 36. Kb3 Bxe3 37. Rcxe3 Qd1+ 38. Kb4 Ne5 39. b3 c5+ 40. dxc6 Nxc6+ 41. Ka3 Qc1+ 0-1

[Event "IECG RN.2000.0.00001"]
[Site "IECG email"]
[Date "2000.12.19"]
[Round "?"]
[White "Rossetti, Mario"]
[Black "Colard, Eric"]
[Result "1-0"]
[WhiteElo "998"]
[BlackElo "800"]
[PlyCount "113"]
[EventDate "2000.12.19"]
[EventType "tourn (corr)"]
[EventRounds "6"]
[SourceTitle "Corr 2008"]
[Source "ChessBase"]
[SourceDate "2008.06.24"]
[SourceVersion "1"]
[SourceVersionDate "2008.06.24"]
[SourceQuality "1"]

1. e4 e5 2. Nf3 Nc6 3. Bb5 a6 4. Bxc6 dxc6 5. d3 Bc5 6. 0-0 f6 7. Nc3 Be6 8. Re1 Ne7 9. a3 Qd7 10. Be3 Bd6 11. Na4 b6 12. Bxb6 cxb6 13. Nxb6 Qb7 14. Nxa8 Qxa8 15. Qd2 0-0 16. Qc3 Qa7 17. h3 Bc5 18. Qd2 Ng6 19. b4 Bb6 20. c3 Rd8 21. Qc2 Nf4 22. d4 exd4 23. cxd4 Bxd4 24. Red1 Qb6 25. Rab1 Bc3 26. Kh2 Rxd1 27. Rxd1 Qc7 28. Kh1 Be5 29. Nxe5 fxe5 30. Qc5 Kf7 31. Rd6 Kf6 32. Rxc6 Qf7 33. Rxa6 Qg6 34. Qf8+ Kg5 35. Qe7+ Qf6 36. Qxf6+ Kxf6 37. b5 Ke7 38. b6 Kd7 39. b7 Kc7 40. Rb6 Kb8 41. a4 Bc4 42. a5 Nd3 43. a6 Bxa6 44. Rxa6 Nxf2+ 45. Kg1 Kxb7 46. Re6 Nxe4 47. Rxe5 Nd6 48. Re7+ Kc6 49. Rxg7 h5 50. Rh7 Kd5 51. Rxh5+ Ke6 52. g4 Nf7 53. Ra5 Kf6 54. h4 Ne5 55. g5+ Ke6 56. h5 Kf5 57. Rxe5+ 1-0

[Event "IECG RN.2000.0.00001"]
[Site "IECG email"]
[Date "2000.12.19"]
[Round "?"]
[White "Smeltzer, Brent S"]
[Black "Colard, Eric"]
[Result "1-0"]
[WhiteElo "969"]
[BlackElo "800"]
[PlyCount "95"]
[EventDate "2000.12.19"]
[EventType "tourn (corr)"]
[EventRounds "6"]
[SourceTitle "Corr 2008"]
[Source "ChessBase"]
[SourceDate "2008.06.24"]
[SourceVersion "1"]
[SourceVersionDate "2008.06.24"]
[SourceQuality "1"]

1. e4 e5 2. Nf3 Nc6 3. Bb5 a6 4. Ba4 Nf6 5. 0-0 Nxe4 6. d4 b5 7. Bb3 d5 8. dxe5 Be6 9. Qe2 Bc5 10. Be3 0-0 11. Rd1 Na5 12. Bxc5 Nxc5 13. Qe3 Naxb3 14. axb3 Qe7 15. Nc3 c6 16. b4 Nd7 17. Qd4 Bf5 18. Rd2 f6 19. Re2 Rfe8 20. exf6 Qxf6 21. Rxe8+ Rxe8 22. Qxf6 Nxf6 23. Rxa6 Re6 24. Ra8+ Ne8 25. h3 Kf8 26. Kh2 Rf6 27. Nd4 Bd7 28. Ra7 Ke7 29. f4 Rxf4 30. Nxc6+ Ke6 31. Nb8 Nf6 32. Nxd7 Nxd7 33. Nxd5 Kxd5 34. Rxd7+ Kc4 35. Rxg7 Rh4 36. Rg4+ Rxg4 37. hxg4 Kxb4 38. Kg3 Kc5 39. Kf4 Kd6 40. Kg5 Ke6 41. Kh6 Kf6 42. c3 Ke5 43. g5 Kf5 44. b3 Kg4 45. c4 bxc4 46. bxc4 Kf5 47. c5 Ke6 48. Kxh7 1-0